| 000 | 00851cam a22002178i 4500 | ||
|---|---|---|---|
| 999 |
_c58413 _d58413 |
||
| 001 | 20640053 | ||
| 005 | 20220121125743.0 | ||
| 008 | 180723s2019 enk b 001 0 eng c | ||
| 020 | _a9781138220645 | ||
| 041 | _aeng | ||
| 080 | _a372 W-68 | ||
| 100 | 1 |
_aWilson, Teresa _913423 |
|
| 245 | 1 | 0 |
_aHow to develop partnerships with parents : _ba practical guide for the early years / _cTeresa Wilson. |
| 264 | 1 |
_aLondon : _bRoutledge, _c2019. |
|
| 300 |
_a192 pages ж _b30 cm. |
||
| 653 | _aროგორ განვავითაროთ პარტნიორული ურთიერთობა მშობლებთან | ||
| 653 | _aКак развивать партнерские отношения с родителями | ||
| 653 | _aპედაგოგიკა | ||
| 653 | _aПедагогика | ||
| 942 |
_2udc _cBK |
||